Beiträge zur Kenntis der rheinischen Tertiärflora ... (Record no. 27772)

MARC details
000 -LEADER
fixed length control field 01054cam a22002531 4500
001 - CONTROL NUMBER
control field gs 42000085
003 - CONTROL NUMBER IDENTIFIER
control field DLC
005 - DATE AND TIME OF LATEST TRANSACTION
control field 20260227111347.0
008 - FIXED-LENGTH DATA ELEMENTS--GENERAL INFORMATION
fixed length control field 771118m19341977gw af b 000 0 ger c
010 ## - LIBRARY OF CONGRESS CONTROL NUMBER
LC control number gs 42000085
035 ## - SYSTEM CONTROL NUMBER
System control number (OCoLC)3429127
040 ## - CATALOGING SOURCE
Original cataloging agency U. S. Geol. Survey. Library
Transcribing agency CCC
Modifying agency OCoLC
-- DLC
042 ## - AUTHENTICATION CODE
Authentication code premarc
050 00 - LIBRARY OF CONGRESS CALL NUMBER
Classification number QE269
Item number .A14 hft. 161, etc.
100 1# - MAIN ENTRY--PERSONAL NAME
Personal name Weyland, Hermann,
Dates associated with a name 1888-
245 00 - TITLE STATEMENT
Title Beiträge zur Kenntis der rheinischen Tertiärflora ...
Statement of responsibility, etc. von Hermann Weyland. Hrsg. von der Preussischen Geologischen Landesanstalt.
260 ## - PUBLICATION, DISTRIBUTION, ETC.
Place of publication, distribution, etc. Berlin,
Name of publisher, distributor, etc. Im Vertrieb bei der Preussischen Geologischen Landesanstalt,
Date of publication, distribution, etc. 1934-
300 ## - PHYSICAL DESCRIPTION
Extent v.
Other physical details illus., pl., tables, diagrs.
Dimensions 23 cm.
490 0# - SERIES STATEMENT
Series statement Added t.-p.: Prussia. Geologische Landesanstalt. Abhandlung,
Volume/sequential designation n.f., Hft. 161
504 ## - BIBLIOGRAPHY, ETC. NOTE
Bibliography, etc. note "Schriftenverzeichnis": v. 1, p. 113-116.
505 0# - FORMATTED CONTENTS NOTE
Formatted contents note I. Floren aus den Kieseloolith- und Braunkohlenschicten der niederrheinischen Bucht.
650 #0 - SUBJECT ADDED ENTRY--TOPICAL TERM
Topical term or geographic name entry element Paleobotany
Chronological subdivision Tertiary.
650 #0 - SUBJECT ADDED ENTRY--TOPICAL TERM
Topical term or geographic name entry element Paleobotany
Geographic subdivision Germany
-- Rhine Province.

No items available.

Powered by Koha